ENHYPEN - Membres par photos - Statistiques

Statistiques générales
  • Ce quiz a été pris 388 fois
  • Le résultat moyen est 7 sur 7
Statistiques - réponses
Par images Réponse % Correct
Ni-ki
99%
Jake
98%
Jay
98%
Sunoo
97%
Heeseung
96%
Sunghoon
94%
Jungwon
91%
Aucun quiz correspondant
Distribution des résultats
% des personnes avec chaque résultat
Percentile par nombre de réponses
Votre historique - résultats
Vous n’avez pas pris ce quiz